Online Public Access Catalogue

Lecturer notes on Clinical Biochemistry / (Record no. 5076)

MARC details
000 -LEADER
fixed length control field 00478nam a2200157Ia 4500
020 ## - INTERNATIONAL STANDARD BOOK NUMBER
International Standard Book Number 9781405121576
082 ## - DEWEY DECIMAL CLASSIFICATION NUMBER
Classification number 616.0756
Author Mark SMI
100 ## - MAIN ENTRY--PERSONAL NAME
Author Name Smith, Alistair F.
245 #0 - TITLE STATEMENT
Title Lecturer notes on Clinical Biochemistry /
250 ## - EDITION STATEMENT
Edition statement 6th
260 ## - PUBLICATION, DISTRIBUTION, ETC.
Place of publication, distribution, etc. London
Name of publisher, distributor, etc. Blackwell
Date of publication, distribution, etc. 2003
300 ## - PHYSICAL DESCRIPTION
No of Pages 317
illustrations ill
Dimensions 23 cm
504 ## - BIBLIOGRAPHY, ETC. NOTE
Bibliography, Index, etc. note Include Index Bibliographies Index
650 ## - SUBJECT ADDED ENTRY--TOPICAL TERM
Subject Biochemistry.
942 ## - ADDED ENTRY ELEMENTS (KOHA)
Koha item type Books
Source of classification or shelving scheme
952 ## - LOCATION AND ITEM INFORMATION (KOHA)
-- 2018-03-16
Holdings
Item status Home library Current library Shelving location Date acquired Total Checkouts Full call number Barcode Date last seen Koha item type
  Islamabad Medical and Dental College Islamabad Medical and Dental College Islamabad Medical and Dental College 16/03/2018   616.0756 SMI 6819 16/03/2018 Books

Copyright @ IMDC Library
Islamabad Medical and Dental College
Bhara Kahu, Islamabad

  Contact the Librarian, IMDC
  Email:: library@imdcollege.edu.pk

  OPAC Customized by
  Mazhar Hussain,
  Librarian:
  Islamabad Medical and Dental College
  Email:: library@imdcollege.edu.pk